| 000 | 00533nam a22001817a 4500 | ||
|---|---|---|---|
| 003 | OSt | ||
| 005 | 20240123110811.0 | ||
| 008 | 240123b |||||||| |||| 00| 0 eng d | ||
| 020 | _a9786240021074 | ||
| 040 |
_aLK-CoDNM _dLK-CoDNM _eLK-CoDNM |
||
| 041 | _asin | ||
| 080 |
_aX 8 C 1 _bSEN |
||
| 100 | _aසෙනෙවිරත්න,කේ සමන්ත | ||
| 245 | _aකවි පොතක් අස්සේ ලියුමක් | ||
| 260 |
_aColombo _bS.Godage Saha Sahodarayo _c2023 |
||
| 300 | _a62p.,21cm | ||
| 942 |
_n0 _cBK |
||
| 999 |
_c144536 _d144536 |
||